| 000 | 01530nam a2200361Ia 4500 | ||
|---|---|---|---|
| 001 | ebr10371906 | ||
| 003 | CaPaEBR | ||
| 006 | m u | ||
| 007 | cr cn||||||||| | ||
| 008 | 030606s2004 miua sb s001 0 eng d | ||
| 010 | _z 2003012932 | ||
| 020 | _z9780472025961 | ||
| 020 | _z9780472068418 | ||
| 020 | _z0472098411 (acid-free paper) | ||
| 040 |
_aCaPaEBR _cCaPaEBR |
||
| 035 | _a(OCoLC)300839856 | ||
| 050 | 1 | 4 |
_aPR468.P35 _bS76 2004eb |
| 100 | 1 | _aStoddard Holmes, Martha. | |
| 245 | 1 | 0 |
_aFictions of affliction _h[electronic resource] : _bphysical disability in Victorian culture / _cMartha Stoddard Holmes. |
| 260 |
_aAnn Arbor : _bUniversity of Michigan Press, _cc2004. |
||
| 300 |
_axiv, 228 p. : _bill. |
||
| 490 | 1 | _aCorporealities :discourses of disability | |
| 504 | _aIncludes bibliographical references (p. 211-221) and index. | ||
| 533 |
_aElectronic reproduction. _bPalo Alto, Calif. : _cebrary, _d2010. _nAvailable via World Wide Web. _nAccess may be limited to ebrary affiliated libraries. |
||
| 650 | 0 |
_aEnglish literature _y19th century _xHistory and criticism. |
|
| 650 | 0 | _aPeople with disabilities in literature. | |
| 650 | 0 |
_aPeople with disabilities _zGreat Britain _xHistory _y19th century. |
|
| 651 | 0 |
_aGreat Britain _xCivilization _y19th century. |
|
| 655 | 7 |
_aElectronic books. _2local |
|
| 710 | 2 | _aebrary, Inc. | |
| 830 | 0 | _aCorporealities. | |
| 856 | 4 | 0 |
_uhttp://site.ebrary.com/lib/rucke/Doc?id=10371906 _zAn electronic book accessible through the World Wide Web; click to view |
| 999 |
_c98117 _d98117 |
||